| 000 | 00578nam a22001937a 4500 | ||
|---|---|---|---|
| 005 | 20251108165821.0 | ||
| 008 | 250721s1996 xx 000 0 ara d | ||
| 082 | 1 | 4 | _aط/811.9565/يوس |
| 100 | 1 | _aحمدان، يوسف عيسى | |
| 245 | 1 | 0 | _aالأعمال الشعرية للأطفال 1983-1993 / |
| 250 | _aط2 | ||
| 264 | 1 |
_aعمان : _bدار الينابيع للنشر و التوزيع، _c1996. |
|
| 300 | _a176ص | ||
| 650 | 1 | 7 | _aالشعر العربي |
| 650 | 1 | 7 | _aالأردن |
| 650 | 1 | 7 | _aأدب الأطفال |
| 942 |
_2ddc _cBK |
||
| 999 |
_c32068 _d32068 |
||